Library Logo

খানবাহাদুর আহছানউল্লাহ ১৮৭৩-১৯৬৫ / (Record no. 101595)

000 -LEADER
fixed length control field 00764nam a22001937a 4500
003 - CONTROL NUMBER IDENTIFIER
control field BD-DhUL
005 - DATE AND TIME OF LATEST TRANSACTION
control field 20160824185229.0
008 - FIXED-LENGTH DATA ELEMENTS--GENERAL INFORMATION
fixed length control field 160824s1989 b ||||| |||| 001 0 b d
040 ## - CATALOGING SOURCE
Original cataloging agency BD-DhUL
Transcribing agency BD-DhUL
082 ## - DEWEY DECIMAL CLASSIFICATION NUMBER
Classification number 370.092
Item number KAK
100 10 - MAIN ENTRY--PERSONAL NAME
Personal name কাইউম, মোহাম্মদ আবদুল
245 10 - TITLE STATEMENT
Title খানবাহাদুর আহছানউল্লাহ ১৮৭৩-১৯৬৫ /
Statement of responsibility, etc. মোহাম্মদ আবদুল কাইউম
260 ## - PUBLICATION, DISTRIBUTION, ETC. (IMPRINT)
Place of publication, distribution, etc. ঢাকা :
Name of publisher, distributor, etc. বাংলা একাডেমি,
Date of publication, distribution, etc. ১৯৮৯
300 ## - PHYSICAL DESCRIPTION
Extent ৯২পৃ. :
Other physical details চি: ;
Dimensions ২২ সে মি.
500 ## - GENERAL NOTE
General note নির্ঘন্ট সংবলিত
650 #0 - SUBJECT ADDED ENTRY--TOPICAL TERM
Topical term or geographic name as entry element ইতিহাস
650 #0 - SUBJECT ADDED ENTRY--TOPICAL TERM
Topical term or geographic name as entry element History
942 ## - ADDED ENTRY ELEMENTS (KOHA)
Source of classification or shelving scheme
Koha item type Books
Holdings
Price effective from Date last seen Permanent Location Not for loan Date acquired Source of classification or shelving scheme Koha item type Lost status Withdrawn status Copy number Source of acquisition Collection code Damaged status Shelving location Barcode Current Location Full call number
2016-08-242016-08-24Dhaka University Library 2016-08-24 Books  1PurchasedNon Fiction General Stacks333958Dhaka University Library370.092 KAK
2016-08-242016-08-24Dhaka University Library 2016-08-24 Books  2PurchasedNon Fiction General Stacks333959Dhaka University Library370.092 KAK
2016-08-242016-08-24Dhaka University Library 2016-08-24 Books  3PurchasedNon Fiction General Stacks333960Dhaka University Library370.092 KAK
Last Updated on September 15, 2019
© Dhaka University Library. All Rights Reserved|Staff Login